000 00664nam a2200181 4500
001 122223
003 ES-MaACL
005 20230906191932.0
007 t|
008 070214s1984 sp r ||||1| spa d
100 1 _aPrieto Escudero, Germán.
_993926
245 1 0 _aBalmes
_b: pensamiento y biografías de las grandes personalidades coetáneas /
_cpor Germán Prieto Escudero.
260 _aMadrid :
_bInstituto de Sociología Jaime Balmes,
_c1984.
300 _a48 p. ;
_c23 cm.
500 _aSeparata de: Revista Internacional de Sociología, 1984, pp. 749 - 796.
710 2 _aInstituto Balmes de Sociología.
_94799
852 _aES-MaACL
_jL-8340
_bR.109133
999 _c122223
_d122223